[Event "AbuDhabiMaster"]
[Site "AbuDhabi"]
[Date "2005.??.??"]
[Round "8.21"]
[White "Illijin, Neboisa"]
[Black "Djuric, Stefan"]
[Result "0-1"]
[WhiteElo "2242"]
[BlackElo "2463"]
[PlyCount "72"]
[EventDate "2005.??.??"]
[WhiteTeamCountry "UAE"]
[BlackTeamCountry "BAN"]

1. e4 c5 2. Nf3 a6 3. c3 d5 4. exd5 Qxd5 5. d4 Nf6 6. Be2 e6 7. O-O Nc6 8. Be3
cxd4 9. cxd4 Be7 10. Nc3 Qd6 11. a3 O-O 12. Qd2 b5 13. Rad1 b4 14. axb4 Nxb4
15. Bf4 Qd8 16. Ne5 Bb7 17. Rfe1 Rc8 18. Bf3 Bxf3 19. Nxf3 Nbd5 20. Be5 Nxc3
21. bxc3 Nd5 22. Ra1 Rxc3 23. Rxa6 Rxf3 24. gxf3 Bb4 25. Qe2 Bxe1 26. Qxe1 Qg5+
27. Bg3 h5 28. h4 Qf5 29. Qe4 Qh3 30. Ra5 Rd8 31. Rc5 Nf6 32. Qc2 Nd5 33. Qe4
Ra8 34. Rc1 f6 35. Re1 Kf7 36. Rb1 Nc3 0-1

[Event "AbuDhabiMaster"]
[Site "AbuDhabi"]
[Date "2005.??.??"]
[Round "8.22"]
[White "Nadig, Kruttika"]
[Black "Mahjoob, Morteza"]
[Result "1-0"]
[WhiteElo "2198"]
[BlackElo "2442"]
[PlyCount "99"]
[EventDate "2005.??.??"]
[WhiteTeamCountry "UAE"]
[BlackTeamCountry "BAN"]

1. e4 c5 2. Nf3 Nc6 3. d4 cxd4 4. Nxd4 Nf6 5. Nc3 e6 6. Ndb5 d6 7. Bf4 e5 8.
Bg5 a6 9. Na3 Be6 10. Nc4 Rc8 11. Ne3 Be7 12. Bxf6 Bxf6 13. Ned5 Bg5 14. g3 O-O
15. Bg2 f5 16. exf5 Bxf5 17. Ne4 Bh6 18. O-O Kh8 19. c3 Na5 20. Qe2 Rf7 21.
Rad1 Be6 22. b3 Rd7 23. Bf3 b5 24. Bg4 Bxg4 25. Qxg4 Rb8 26. Nb4 Rb6 27. Nc5
Rc7 28. Ne6 Qc8 29. Nd5 Rcb7 30. Nxb6 Rxb6 31. Qf5 Rc6 32. Qf7 d5 33. Rxd5 Rxe6
34. Rfd1 Re8 35. Qxe8+ Qxe8 36. Rd8 Qg8 37. R1d6 Nb7 38. Rxg8+ Kxg8 39. Rxa6
Nc5 40. Rb6 Ne4 41. Rxb5 Nxc3 42. Rb8+ Kf7 43. a4 e4 44. a5 e3 45. fxe3 Bxe3+
46. Kg2 Na2 47. a6 Nc1 48. b4 Nd3 49. b5 Nb4 50. a7 1-0

[Event "AbuDhabiMaster"]
[Site "AbuDhabi"]
[Date "2005.??.??"]
[Round "8.25"]
[White "Akshat, Kamparia"]
[Black "Toufighi, Homayoon"]
[Result "1-0"]
[WhiteElo "2296"]
[BlackElo "2170"]
[PlyCount "81"]
[EventDate "2005.??.??"]
[WhiteTeamCountry "UAE"]
[BlackTeamCountry "BAN"]

1. d4 d6 2. c4 e5 3. Nf3 e4 4. Ng5 f5 5. g3 Nf6 6. h4 c6 7. Nc3 d5 8. cxd5 cxd5
9. Bf4 Nc6 10. e3 h6 11. Nh3 Be6 12. Be2 Be7 13. Bh5+ Kd7 14. Be2 Bb4 15. Rc1
Ke7 16. Qb3 Qb6 17. O-O Bxc3 18. Qxc3 Rac8 19. Qa3+ Kf7 20. Rc5 a6 21. Rfc1
Rhd8 22. Kg2 Kg8 23. R5c3 Qa7 24. Bd6 Ne8 25. Bc5 b6 26. Bxb6 Qxb6 27. Qxa6
Qxb2 28. R3c2 Qb4 29. Rxc6 Ra8 30. Qb5 Qxb5 31. Bxb5 Bd7 32. R6c5 Bxb5 33. Rxb5
Rxa2 34. Nf4 Nf6 35. Rc7 Kh7 36. Rbb7 Rg8 37. Ne6 Ng4 38. Nxg7 Rga8 39. Ne6+
Kg6 40. Nf4+ Kf6 41. Rf7# 1-0

[Event "AbuDhabiMaster"]
[Site "AbuDhabi"]
[Date "2005.??.??"]
[Round "8.27"]
[White "Momeni, Ebrahim"]
[Black "Muralidharan, MB."]
[Result "0-1"]
[WhiteElo "2198"]
[BlackElo "2329"]
[PlyCount "86"]
[EventDate "2005.??.??"]
[WhiteTeamCountry "UAE"]
[BlackTeamCountry "BAN"]

1. c4 g6 2. Nc3 Bg7 3. g3 c5 4. Bg2 Nc6 5. Nf3 e5 6. O-O Nge7 7. d3 d6 8. Bd2
O-O 9. a3 a5 10. Rb1 Rb8 11. Qc1 f6 12. Nb5 Be6 13. e4 Qd7 14. b4 axb4 15. axb4
Bg4 16. Bc3 f5 17. h3 fxe4 18. Ng5 Be2 19. Bxe4 Bxf1 20. Qxf1 h6 21. Nf3 cxb4
22. Bxb4 Nxb4 23. Rxb4 d5 24. cxd5 Nxd5 25. Rb2 Rbc8 26. Qd1 Ne7 27. Nh4 g5 28.
Qb3+ Kh8 29. Ng2 Rc1+ 30. Kh2 Rf1 31. Qa2 Nf5 32. g4 Nh4 33. Nxh4 gxh4 34. Kg2
Rc1 35. Na3 Qd4 36. Nc4 Rxc4 37. Re2 Rc6 38. Qd2 Rd6 39. Qa2 Rdf6 40. Qd2 b5
41. f3 b4 42. g5 hxg5 43. Qxg5 Bh6 0-1

[Event "AbuDhabiMaster"]
[Site "AbuDhabi"]
[Date "2005.??.??"]
[Round "8.28"]
[White "Bogza, Adina"]
[Black "Paridar, Shadi"]
[Result "1/2-1/2"]
[WhiteElo "2325"]
[BlackElo "2263"]
[PlyCount "59"]
[EventDate "2005.??.??"]
[WhiteTeamCountry "UAE"]
[BlackTeamCountry "BAN"]

1. d4 d5 2. Nf3 Nf6 3. g3 e6 4. Bg2 Be7 5. O-O O-O 6. c4 dxc4 7. Qc2 a6 8. a4
Bd7 9. Bg5 Bc6 10. Qxc4 Bd5 11. Qd3 Be4 12. Qe3 Bxb1 13. Bxf6 Bxf6 14. Raxb1
Nc6 15. Rfd1 Nb4 16. Qb3 a5 17. e4 c6 18. h4 h5 19. Rbc1 Qb6 20. Bf1 Rad8 21.
Qc4 Rd7 22. Rd2 Rfd8 23. Rcd1 g6 24. Bh3 Kg7 25. Kg2 Na6 26. Qc3 Qb4 27. Qxb4
Nxb4 28. Kf1 Kf8 29. Ke2 Bg7 30. b3 1/2-1/2

[Event "AbuDhabiMaster"]
[Site "AbuDhabi"]
[Date "2005.??.??"]
[Round "8.29"]
[White "Faisal, Abdulla"]
[Black "Ghader Pour, Shayesteh"]
[Result "1/2-1/2"]
[WhiteElo "2175"]
[BlackElo "2109"]
[PlyCount "106"]
[EventDate "2005.??.??"]
[WhiteTeamCountry "UAE"]
[BlackTeamCountry "BAN"]

1. e4 c5 2. Nf3 d6 3. d4 cxd4 4. Nxd4 Nf6 5. Nc3 a6 6. Bg5 e6 7. Qf3 Nbd7 8.
O-O-O Qc7 9. Rg1 b5 10. g4 b4 11. Nce2 Bb7 12. Bxf6 Nxf6 13. Ng3 d5 14. Bd3 Be7
15. g5 dxe4 16. Nxe4 Nd5 17. Ne2 Rc8 18. Kb1 Qe5 19. Qg3 Qxg3 20. Rxg3 Nb6 21.
h4 Nc4 22. Bxc4 Rxc4 23. Nd6+ Bxd6 24. Rxd6 Be4 25. Rd2 O-O 26. b3 Rc7 27. Rg4
Bg6 28. Rxb4 Rfc8 29. Rc4 Rxc4 30. bxc4 Kf8 31. Ng3 Rxc4 32. h5 Be4 33. Nxe4
Rxe4 34. Rd6 a5 35. Ra6 Re5 36. f4 Rf5 37. Kb2 h6 38. g6 fxg6 39. hxg6 Ke7 40.
c4 h5 41. Ra8 h4 42. Rh8 Rxf4 43. Kc3 Rg4 44. c5 Rxg6 45. Rxh4 Kd7 46. Ra4 Rg3+
47. Kb2 Kc6 48. Rxa5 Re3 49. Ra7 g5 50. Ra6+ Kb5 51. Ra8 Re5 52. Kc3 Kxc5 53.
Kd3 Kd6 1/2-1/2

[Event "AbuDhabiMaster"]
[Site "AbuDhabi"]
[Date "2005.??.??"]
[Round "8.30"]
[White "Amer, Mohamed"]
[Black "Marwan, Abdulwahab"]
[Result "1/2-1/2"]
[WhiteElo "2223"]
[BlackElo "1983"]
[PlyCount "24"]
[EventDate "2005.??.??"]
[WhiteTeamCountry "UAE"]
[BlackTeamCountry "BAN"]

1. c4 c5 2. Nc3 Nc6 3. g3 g6 4. Bg2 Bg7 5. e3 e6 6. Nge2 Nge7 7. d4 cxd4 8.
exd4 d5 9. cxd5 exd5 10. O-O O-O 11. Bf4 Be6 12. Qd2 Nf5 1/2-1/2

[Event "AbuDhabiMaster"]
[Site "AbuDhabi"]
[Date "2005.??.??"]
[Round "8.31"]
[White "Coleman, James"]
[Black "Ibrahim, Ismail"]
[Result "0-1"]
[WhiteElo "2206"]
[BlackElo "2082"]
[PlyCount "94"]
[EventDate "2005.??.??"]
[WhiteTeamCountry "UAE"]
[BlackTeamCountry "BAN"]

1. e4 c5 2. Nf3 Nc6 3. d4 cxd4 4. Nxd4 Nf6 5. Nc3 e5 6. Ndb5 d6 7. Nd5 Nxd5 8.
exd5 Ne7 9. c4 Ng6 10. Bd3 Be7 11. O-O f5 12. c5 O-O 13. cxd6 Bxd6 14. Nxd6
Qxd6 15. b3 Kh8 16. Bc4 b5 17. Bxb5 Bb7 18. a4 Qxd5 19. Qxd5 Bxd5 20. Ba3 Rfd8
21. Rab1 Nf4 22. f3 e4 23. Be7 Rdc8 24. Bd6 Ng6 25. Rfd1 Bb7 26. fxe4 Bxe4 27.
Rbc1 Nh4 28. Bf1 h6 29. Be5 Re8 30. Bg3 Ng6 31. Bb5 Red8 32. Bc7 Rxd1+ 33. Rxd1
Bc2 34. Rd6 Rc8 35. Rxg6 Rxc7 36. Bc4 Rd7 37. Re6 Be4 38. h4 h5 39. Re8+ Kh7
40. Bg8+ Kh6 41. Kh2 Rd2 42. Re6+ g6 43. Re7 g5 44. hxg5+ Kxg5 45. Rxa7 Rxg2+
46. Kh3 Kf4 47. Bf7 Rg1 0-1

[Event "AbuDhabiMaster"]
[Site "AbuDhabi"]
[Date "2005.??.??"]
[Round "8.32"]
[White "Salem, AR Saleh"]
[Black "Mansour, Abbas Khoori"]
[Result "0-1"]
[WhiteElo "2044"]
[BlackElo "2018"]
[PlyCount "54"]
[EventDate "2005.??.??"]
[WhiteTeamCountry "UAE"]
[BlackTeamCountry "BAN"]

1. d4 d5 2. c4 e5 3. dxe5 d4 4. Nf3 Nc6 5. a3 Bg4 6. Bf4 Nge7 7. Nbd2 Ng6 8.
Bg3 a5 9. h3 Bxf3 10. Nxf3 Bc5 11. Qd3 Qe7 12. Qf5 O-O 13. h4 Rfe8 14. Ng5 Bb6
15. h5 Nf8 16. O-O-O h6 17. Nf3 Qc5 18. Kb1 Rad8 19. Rh4 Qxc4 20. e3 Qe6 21.
Qf4 dxe3 22. Rxd8 Rxd8 23. Bc4 Qd7 24. Rg4 Qd1+ 25. Ka2 Nb4+ 26. axb4 Qa4+ 27.
Kb1 Rd1# 0-1

[Event "AbuDhabiMaster"]
[Site "AbuDhabi"]
[Date "2005.??.??"]
[Round "8.33"]
[White "Khouri, Ibraheem Mohamed"]
[Black "Ahmed, Ishaq"]
[Result "1/2-1/2"]
[WhiteElo "2062"]
[BlackElo "2079"]
[PlyCount "31"]
[EventDate "2005.??.??"]
[WhiteTeamCountry "UAE"]
[BlackTeamCountry "BAN"]

1. e4 c5 2. c3 d5 3. exd5 Qxd5 4. d4 Nc6 5. Nf3 Bg4 6. Be2 e6 7. Na3 Nf6 8. Nb5
Qd8 9. O-O a6 10. Na3 cxd4 11. cxd4 Be7 12. Nc4 O-O 13. Be3 Rc8 14. h3 Bh5 15.
Rc1 h6 16. Qb3 1/2-1/2

[Event "AbuDhabiMaster"]
[Site "AbuDhabi"]
[Date "2005.??.??"]
[Round "9"]
[White "Bocharov, Dmitry"]
[Black "Goloshchapov, Alexander"]
[Result "1-0"]
[WhiteElo "2574"]
[BlackElo "2519"]
[PlyCount "95"]
[EventDate "2005.??.??"]
[WhiteTeam "Russia"]
[BlackTeam "Ukraine"]
[WhiteTeamCountry "RUS"]
[BlackTeamCountry "UKR"]

1. d4 Nf6 2. c4 g6 3. Nf3 Bg7 4. g3 O-O 5. Bg2 d5 6. cxd5 Nxd5 7. O-O Nb6 8.
Nc3 Nc6 9. e3 Re8 10. d5 Na5 11. Nd4 Bd7 12. b4 Nac4 13. a4 a5 14. b5 Qc8 15.
Re1 Bh3 16. Bh1 e5 17. Nb3 f5 18. e4 f4 19. Ra2 Rf8 20. Nc5 Rf7 21. Qb3 Qf8 22.
Nd3 Qe7 23. Rc2 Raf8 24. Nd1 Nd6 25. Ba3 h5 26. Nc5 Rb8 27. gxf4 Qh4 28. Qg3
Rxf4 29. f3 Qxg3+ 30. hxg3 Rf7 31. Nb2 Bf8 32. Kh2 Bc8 33. Ncd3 Bg7 34. Bg2 Ne8
35. Rec1 Bd7 36. Nc5 Bf8 37. Rc3 Bd6 38. R3c2 Kg7 39. Nbd3 g5 40. Bb2 Re7 41.
Bc3 Bc8 42. Bxa5 Ra8 43. Bb4 g4 44. a5 gxf3 45. Bxf3 Nd7 46. Ne6+ Kh6 47. Rh1
Nb6 48. Ng7 1-0

[Event "AbuDhabiMaster"]
[Site "AbuDhabi"]
[Date "2005.??.??"]
[Round "9"]
[White "Iuldachev, Saidali"]
[Black "Kayumov, Sergey"]
[Result "0-1"]
[WhiteElo "2541"]
[BlackElo "2405"]
[PlyCount "82"]
[EventDate "2005.??.??"]
[WhiteTeam "Uzbekistan"]
[BlackTeam "Uzbekistan"]
[WhiteTeamCountry "UZB"]
[BlackTeamCountry "UZB"]

1. e4 e5 2. Nf3 Nc6 3. Bb5 a6 4. Bxc6 dxc6 5. O-O f6 6. d4 exd4 7. Nxd4 c5 8.
Nb3 Qxd1 9. Rxd1 Bg4 10. f3 Be6 11. Be3 c4 12. Nd4 O-O-O 13. Nc3 Bf7 14. Rd2
Bb4 15. Rad1 Ne7 16. Kf2 b5 17. g4 Ba5 18. a3 Kb7 19. Nf5 Rxd2+ 20. Rxd2 Nxf5
21. exf5 Kc6 22. Rd1 b4 23. axb4 Bxb4 24. Ne2 Bd6 25. Ra1 Ra8 26. Ra4 Be5 27.
Bd4 Bd6 28. g5 fxg5 29. Bxg7 Bxh2 30. Nd4+ Kc5 31. Ne6+ Bxe6 32. fxe6 Kd6 33.
Rxc4 Kxe6 34. b4 Bd6 35. Bb2 Rb8 36. c3 a5 37. Bc1 a4 38. Rc6 Ra8 39. b5 a3 40.
c4 Kd7 41. c5 Be5 0-1

[Event "AbuDhabiMaster"]
[Site "AbuDhabi"]
[Date "2005.??.??"]
[Round "9"]
[White "Chernyshov, Konstantin"]
[Black "Ghaem Maghami, Ehsan"]
[Result "1/2-1/2"]
[WhiteElo "2548"]
[BlackElo "2603"]
[PlyCount "38"]
[EventDate "2005.??.??"]
[WhiteTeam "Russia"]
[BlackTeam "Iran"]
[WhiteTeamCountry "RUS"]
[BlackTeamCountry "IRI"]

1. e4 c5 2. Nf3 d6 3. Bb5+ Nd7 4. O-O Ngf6 5. Re1 e5 6. c3 a6 7. Bf1 Be7 8. d4
O-O 9. dxe5 Nxe5 10. h3 Nxf3+ 11. Qxf3 Be6 12. Bf4 Qb6 13. Nd2 Qc6 14. Bc4 b5
15. Bxe6 fxe6 16. Bg3 e5 17. Qf5 Qd7 18. Qxd7 Nxd7 19. Nf1 Nb6 1/2-1/2

[Event "AbuDhabiMaster"]
[Site "AbuDhabi"]
[Date "2005.??.??"]
[Round "9"]
[White "Mamedjarova, Zeinab"]
[Black "Kotsur, Pavel"]
[Result "0-1"]
[WhiteElo "2262"]
[BlackElo "2595"]
[PlyCount "80"]
[EventDate "2005.??.??"]
[WhiteTeam "Azerbaijan"]
[BlackTeam "Kazakhstan"]
[WhiteTeamCountry "AZE"]
[BlackTeamCountry "KAZ"]

1. d4 e6 2. c4 Nf6 3. Nf3 b6 4. g3 Ba6 5. b3 Bb4+ 6. Bd2 Be7 7. Bg2 c6 8. O-O
d5 9. Ne5 Nfd7 10. Nxd7 Nxd7 11. Bc3 O-O 12. Nd2 Rb8 13. Re1 b5 14. e4 bxc4 15.
bxc4 dxc4 16. Qa4 Qc8 17. Bf1 Nb6 18. Qc2 c5 19. d5 exd5 20. Be5 Ra8 21. exd5
Nxd5 22. Nxc4 Rd8 23. Rad1 Nb4 24. Qb2 Rxd1 25. Rxd1 Qe6 26. Bc3 Bxc4 27. Re1
Qa6 28. Bxc4 Qxc4 29. Rxe7 Nd5 30. Rb7 Nb6 31. Bxg7 Rd8 32. Bh6 Rd1+ 33. Kg2
Qf1+ 34. Kf3 Qh1+ 35. Kg4 f5+ 36. Kg5 Qxb7 37. Qb3+ Rd5 38. Qe3 Qf7 39. Kh4 f4
40. Kg4 Kh8 0-1

[Event "AbuDhabiMaster"]
[Site "AbuDhabi"]
[Date "2005.??.??"]
[Round "9"]
[White "Grigoriants, Sergey"]
[Black "Prasad, Devaki V"]
[Result "1/2-1/2"]
[WhiteElo "2562"]
[BlackElo "2359"]
[PlyCount "105"]
[EventDate "2005.??.??"]
[WhiteTeam "Russia"]
[BlackTeam "India"]
[WhiteTeamCountry "RUS"]
[BlackTeamCountry "IND"]

1. c4 e5 2. g3 Nf6 3. Bg2 d5 4. cxd5 Nxd5 5. Nf3 Nc6 6. O-O Nb6 7. d3 Be7 8. a3
Be6 9. Nbd2 f6 10. b4 a5 11. b5 Nd4 12. a4 O-O 13. Bb2 Nxf3+ 14. Nxf3 Bb4 15.
Qc2 Qe7 16. d4 exd4 17. Nxd4 Bd5 18. Rfc1 Bxg2 19. Kxg2 Rac8 20. Qb3+ Qf7 21.
Bc3 c5 22. bxc6 Qxb3 23. Nxb3 Rxc6 24. Bxb4 axb4 25. Rc5 Rxc5 26. Nxc5 Ra8 27.
a5 Ra7 28. Nb3 Nc4 29. Ra4 Ra6 30. Rxb4 Nxa5 31. Nxa5 Rxa5 32. Rxb7 h5 33. f4
Kh7 34. Rb2 f5 35. Kf3 g6 36. Rb3 Ra4 37. Rb7+ Kh6 38. Re7 Ra3+ 39. Re3 Ra4 40.
h3 Kg7 41. g4 hxg4+ 42. hxg4 g5 43. fxg5 Rxg4 44. Re6 Rxg5 45. Kf4 Rh5 46. Ke5
Rg5 47. e3 Rh5 48. Ra6 Rh3 49. Kf4 Rh5 50. Rb6 Kf7 51. Ke5 Kg7 52. Re6 Rg5 53.
Kf4 1/2-1/2

[Event "AbuDhabiMaster"]
[Site "AbuDhabi"]
[Date "2005.??.??"]
[Round "9"]
[White "Ibrahimov, Rasul"]
[Black "Al Sayed, Mohamad Naser"]
[Result "1-0"]
[WhiteElo "2525"]
[BlackElo "2478"]
[PlyCount "65"]
[EventDate "2005.??.??"]
[WhiteTeam "Azerbaijan"]
[BlackTeam "Qatar"]
[WhiteTeamCountry "AZE"]
[BlackTeamCountry "QAT"]

1. Nf3 d5 2. d4 Nf6 3. c4 c6 4. Nc3 e6 5. Bg5 h6 6. Bxf6 Qxf6 7. e3 Nd7 8. Bd3
dxc4 9. Bxc4 g6 10. O-O Bg7 11. Rc1 O-O 12. Re1 Qe7 13. e4 e5 14. d5 Nb6 15.
dxc6 bxc6 16. Bb3 a5 17. Na4 Nxa4 18. Bxa4 Rd8 19. Qc2 Bg4 20. Re3 h5 21. h3
Bh6 22. hxg4 hxg4 23. Nh2 Bxe3 24. fxe3 Rd6 25. Nxg4 Qg5 26. Qe2 Rad8 27. Qf3
Rd2 28. Bb3 Rxb2 29. Qxf7+ Kh8 30. Qf3 a4 31. Be6 Re8 32. Rf1 Rb7 33. Nf6 1-0

[Event "AbuDhabiMaster"]
[Site "AbuDhabi"]
[Date "2005.??.??"]
[Round "9"]
[White "Volkov, Sergey"]
[Black "Gupta, Abhijeet"]
[Result "1-0"]
[WhiteElo "2622"]
[BlackElo "2380"]
[PlyCount "147"]
[EventDate "2005.??.??"]
[WhiteTeam "Russia"]
[BlackTeam "India"]
[WhiteTeamCountry "RUS"]
[BlackTeamCountry "IND"]

1. d4 Nf6 2. c4 g6 3. Nc3 d5 4. Nf3 Bg7 5. Qb3 dxc4 6. Qxc4 O-O 7. e4 a6 8. Be2
b5 9. Qb3 c5 10. dxc5 Bb7 11. O-O Nxe4 12. Nxe4 Bxe4 13. Bf4 Bd5 14. Qe3 Nc6
15. Rad1 e6 16. Rd2 Qa5 17. b3 Rfc8 18. Bd6 Qc3 19. Rfd1 Qxe3 20. fxe3 b4 21.
Kf2 Na5 22. Rxd5 exd5 23. Rxd5 Nb7 24. Bc4 Rc6 25. Ng5 Bf8 26. Nxf7 Nxd6 27.
Nxd6 Kg7 28. e4 Be7 29. e5 Rac8 30. Nxc8 Rxc8 31. Rd7 Kf8 32. Ke3 Rxc5 33. Ke4
Ra5 34. Rd2 Ke8 35. g3 Bf8 36. Re2 Bg7 37. Kd4 Ke7 38. Bd5 Ke8 39. h4 Bf8 40.
Rc2 Kd7 41. g4 h6 42. Ke4 Be7 43. Rh2 Rc5 44. h5 gxh5 45. Rxh5 Bg5 46. Bc4 Ke8
47. Rh2 a5 48. Rc2 Ke7 49. Rf2 Ke8 50. Rf1 Rc7 51. Rd1 Ke7 52. Rd6 a4 53. Re6+
Kd8 54. Rb6 axb3 55. axb3 Bd2 56. Kf5 Rg7 57. Kf6 Rd7 58. Be6 Bg5+ 59. Kg6 Rd4
60. Rc6 Ke7 61. Bf5 Bf4 62. Rb6 Bg5 63. Rb7+ Kf8 64. e6 Rf4 65. Kh7 Ke8 66. Kg7
Rd4 67. Bg6+ Kd8 68. Kf7 Rxg4 69. Rd7+ Kc8 70. e7 Rf4+ 71. Kg7 Bf6+ 72. Kg8
Kxd7 73. e8=Q+ Kc7 74. Be4 1-0

[Event "AbuDhabiMaster"]
[Site "AbuDhabi"]
[Date "2005.??.??"]
[Round "9"]
[White "Guseinov, Gadir"]
[Black "Safarli, Eltaj"]
[Result "1-0"]
[WhiteElo "2585"]
[BlackElo "2335"]
[PlyCount "69"]
[EventDate "2005.??.??"]
[WhiteTeam "Azerbaijan"]
[BlackTeam "Azerbaijan"]
[WhiteTeamCountry "AZE"]
[BlackTeamCountry "AZE"]

1. e4 c5 2. Nf3 e6 3. d4 cxd4 4. Nxd4 Nf6 5. Nc3 Nc6 6. Nxc6 bxc6 7. e5 Nd5 8.
Ne4 Bb7 9. c4 Nb4 10. c5 Qb8 11. Nd6+ Bxd6 12. exd6 Ba6 13. Bxa6 Nxa6 14. O-O
O-O 15. Be3 Qxb2 16. Rb1 Qa3 17. Rb3 Qxa2 18. Rb7 Qc4 19. Qc1 Qxc1 20. Rxc1
Rfd8 21. h4 Rab8 22. Rxb8 Rxb8 23. Ra1 Nb4 24. Rxa7 Rd8 25. Bd2 Nd3 26. Ba5 Rb8
27. Bb6 Ne5 28. f4 Ng6 29. Rxd7 Nxf4 30. Rc7 Nd5 31. Rxc6 Nf6 32. Rc7 Kf8 33.
c6 Nd5 34. Rb7 Ra8 35. c7 1-0

[Event "AbuDhabiMaster"]
[Site "AbuDhabi"]
[Date "2005.??.??"]
[Round "9"]
[White "Dobrov, Vladimir"]
[Black "Karavade, Eesha"]
[Result "0-1"]
[WhiteElo "2535"]
[BlackElo "2370"]
[PlyCount "116"]
[EventDate "2005.??.??"]
[WhiteTeam "Russia"]
[BlackTeam "India"]
[WhiteTeamCountry "RUS"]
[BlackTeamCountry "IND"]

1. e4 c5 2. a3 g6 3. h4 h5 4. Nc3 Bg7 5. Bc4 Nc6 6. Nge2 d6 7. d3 Nf6 8. Bg5 a6
9. Qd2 b5 10. Ba2 O-O 11. Nd1 Kh7 12. Ne3 Qa5 13. c3 b4 14. f3 bxc3 15. bxc3
Ne5 16. d4 cxd4 17. Nxd4 Bd7 18. Bxf6 Bxf6 19. Nd5 Bg7 20. Nxe7 Bh6 21. Qc2 Ba4
22. Bb3 Bxb3 23. Nxb3 Qb5 24. Nd4 Qc4 25. Kf2 Nd3+ 26. Kg3 Bf4+ 27. Kh3 Be3 28.
Qb3 Nf2+ 29. Kg3 Nxh1+ 30. Rxh1 Qxb3 31. Nxb3 Rab8 32. Na5 Bc5 33. Nc4 Rb3 34.
Nd5 Rfb8 35. Rd1 Kg7 36. a4 Rb1 37. Rd3 Ra1 38. e5 dxe5 39. Nc7 Rxa4 40. Nd2
Be7 41. c4 Rd8 42. Nd5 Ra3 43. Rb3 Rxb3 44. Nxb3 Rb8 45. Na5 Bd6 46. Kf2 Rb2+
47. Ke3 f5 48. Kd3 Kf7 49. Kc3 Rxg2 50. Nb7 Ke6 51. Nb6 Rg3 52. c5 Rxf3+ 53.
Kb4 Bc7 54. Nc8 Kd7 55. Nb6+ Bxb6 56. cxb6 Kc6 57. Na5+ Kxb6 58. Nc4+ Kc7 0-1

[Event "AbuDhabiMaster"]
[Site "AbuDhabi"]
[Date "2005.??.??"]
[Round "9.16"]
[White "Tania, Sachdev"]
[Black "Moradiabadi, Elshan"]
[Result "1/2-1/2"]
[WhiteElo "2343"]
[BlackElo "2485"]
[PlyCount "101"]
[EventDate "2005.??.??"]
[WhiteTeamCountry "UAE"]
[BlackTeamCountry "RUS"]

1. d4 g6 2. Nf3 Bg7 3. g3 c5 4. d5 e5 5. Nc3 d6 6. Bg2 Ne7 7. O-O O-O 8. Nd2
Bd7 9. a4 f5 10. Nc4 Be8 11. Nb5 Nc8 12. e4 a6 13. Nc3 f4 14. f3 Nb6 15. Nxb6
Qxb6 16. a5 Qd8 17. Rf2 Nd7 18. Bd2 fxg3 19. hxg3 Nf6 20. Bh3 Bd7 21. Qf1 Nh5
22. Qg2 Qc8 23. Bxd7 Qxd7 24. Na4 Rad8 25. Nb6 Qe7 26. Qh3 Bf6 27. Qg4 Rf7 28.
Nc4 Qf8 29. Ra3 Rdd7 30. Nb6 Rc7 31. Nc4 Bd8 32. Rb3 Rcd7 33. Rh2 Kh8 34. Nb6
Bxb6 35. axb6 Rde7 36. Bg5 Re8 37. Kg2 Qg7 38. Rc3 h6 39. Bd2 Kh7 40. Qh4 Ref8
41. Ra3 Rf6 42. g4 Nf4+ 43. Bxf4 Rxf4 44. Qg3 Qe7 45. Qh4 Qxh4 46. Rxh4 h5 47.
Rh3 Kh6 48. Ra1 Kg5 49. gxh5 gxh5 50. Rg1 h4 51. Kf2+ 1/2-1/2

[Event "AbuDhabiMaster"]
[Site "AbuDhabi"]
[Date "2005.??.??"]
[Round "9.17"]
[White "Djuric, Stefan"]
[Black "Akshat, Kamparia"]
[Result "1-0"]
[WhiteElo "2463"]
[BlackElo "2296"]
[PlyCount "67"]
[EventDate "2005.??.??"]
[WhiteTeamCountry "UAE"]
[BlackTeamCountry "RUS"]

1. e4 c5 2. Nf3 d6 3. d4 cxd4 4. Nxd4 Nf6 5. Nc3 a6 6. f4 Nbd7 7. Nf3 e6 8. Bd3
b5 9. O-O Bb7 10. Qe1 Qc7 11. Kh1 h5 12. Bd2 Nc5 13. b4 Nxd3 14. cxd3 Be7 15.
a4 bxa4 16. Nxa4 O-O 17. Nd4 Rfc8 18. Qe2 Qd8 19. h3 g6 20. Qe3 d5 21. e5 Nh7
22. Nc5 Bxc5 23. bxc5 Rxc5 24. f5 exf5 25. Nxf5 d4 26. Nh6+ Kg7 27. Rxf7+ Kh8
28. Qg3 Qb6 29. e6 g5 30. Qf2 Rb5 31. Rf1 Rb1 32. Rxb1 Qxb1+ 33. Kh2 Qxd3 34.
Bxg5 1-0

[Event "AbuDhabiMaster"]
[Site "AbuDhabi"]
[Date "2005.??.??"]
[Round "9.18"]
[White "Raetsky, Alexander"]
[Black "Salem, Ghuloom"]
[Result "1/2-1/2"]
[WhiteElo "2453"]
[BlackElo "2318"]
[PlyCount "38"]
[EventDate "2005.??.??"]
[WhiteTeamCountry "UAE"]
[BlackTeamCountry "RUS"]

1. d4 a6 2. e4 b5 3. a4 Bb7 4. f3 b4 5. Be3 d5 6. Nd2 Nd7 7. e5 c5 8. f4 e6 9.
Ne2 Nh6 10. Nf3 Be7 11. g3 O-O 12. Bh3 a5 13. O-O Ba6 14. Rf2 Nf5 15. Bxf5 exf5
16. dxc5 Nxc5 17. Bxc5 Bxc5 18. Ned4 Re8 19. Kg2 Qd7 1/2-1/2

[Event "AbuDhabiMaster"]
[Site "AbuDhabi"]
[Date "2005.??.??"]
[Round "9.20"]
[White "Annaberdiev, Meilis"]
[Black "Nadig, Kruttika"]
[Result "1-0"]
[WhiteElo "2409"]
[BlackElo "2198"]
[PlyCount "93"]
[EventDate "2005.??.??"]
[WhiteTeamCountry "UAE"]
[BlackTeamCountry "RUS"]

1. d4 Nf6 2. Nf3 g6 3. Bg5 Bg7 4. Nbd2 d5 5. e3 O-O 6. Bd3 c5 7. c3 b6 8. b4
Nbd7 9. O-O Bb7 10. Qb1 Bc6 11. a4 a5 12. b5 Bb7 13. Re1 Rc8 14. Ra3 Ne8 15. e4
f6 16. Bh4 dxe4 17. Bxe4 Bxe4 18. Qxe4 Rf7 19. Bg3 Nf8 20. Qe2 Nd6 21. d5 Nf5
22. Qc4 Nxg3 23. hxg3 Rc7 24. Qf4 Rb7 25. c4 Qd7 26. Rae3 g5 27. Qe4 g4 28. Nh4
Bh6 29. Nf5 Bxe3 30. Rxe3 Kh8 31. Qxg4 Ng6 32. Nf3 Ne5 33. Rxe5 fxe5 34. Nxe5
Qxf5 35. Nxf7+ Qxf7 36. Qc8+ Kg7 37. Qxb7 Qf6 38. Qd7 Kf8 39. Qc8+ Kf7 40. Qc7
Qa1+ 41. Kh2 Qd1 42. f3 Qd3 43. Qxb6 Qxc4 44. Qe6+ Kf8 45. b6 Qb3 46. Qc8+ Kg7
47. b7 1-0

[Event "AbuDhabiMaster"]
[Site "AbuDhabi"]
[Date "2005.??.??"]
[Round "9.21"]
[White "Simonenko, Sergei"]
[Black "Muralidharan, MB."]
[Result "1/2-1/2"]
[WhiteElo "2483"]
[BlackElo "2329"]
[PlyCount "124"]
[EventDate "2005.??.??"]
[WhiteTeamCountry "UAE"]
[BlackTeamCountry "RUS"]

1. d4 Nf6 2. Nf3 g6 3. c4 Bg7 4. Nc3 O-O 5. Bg5 h6 6. Bh4 d6 7. e3 Nbd7 8. Be2
e5 9. dxe5 dxe5 10. O-O Re8 11. Rc1 c6 12. Rc2 Qe7 13. a3 a5 14. Nd2 Nc5 15. b4
axb4 16. axb4 Na6 17. b5 Nc5 18. bxc6 bxc6 19. Bf3 Ra6 20. Nde4 g5 21. Nxc5
Qxc5 22. Bg3 Bf5 23. Rc1 Ra7 24. Na4 Qb4 25. Bxc6 Bd7 26. Bxd7 Nxd7 27. Nc3
Qxc4 28. Nd5 Qa4 29. h3 Nf6 30. Nc7 Qxd1 31. Rfxd1 Re7 32. Rd8+ Kh7 33. Nb5
Rad7 34. Rxd7 Nxd7 35. e4 Nf6 36. f3 Nh5 37. Bf2 Nf4 38. Rc7 Rxc7 39. Nxc7 Kg6
40. Bc5 f5 41. Bd6 fxe4 42. fxe4 h5 43. Kf2 Kf7 44. Kf3 Bf6 45. Na6 Ke6 46. Bb8
Kd7 47. Nb4 Ke6 48. Nc2 Be7 49. Ba7 Bf6 50. Ne3 Ng6 51. g3 Ne7 52. Bc5 Ng6 53.
Nd5 Bd8 54. Bb4 Bf6 55. Ba5 Be7 56. Bb6 Kd7 57. Be3 Bd8 58. Bc5 Ke6 59. Ne3 Bf6
60. Nf5 Kf7 61. Bd6 Ke6 62. Bc5 Kf7 1/2-1/2

[Event "AbuDhabiMaster"]
[Site "AbuDhabi"]
[Date "2005.??.??"]
[Round "9.23"]
[White "Mamedjarova, Turkan"]
[Black "Himdan, Maher"]
[Result "0-1"]
[WhiteElo "2208"]
[BlackElo "2337"]
[PlyCount "78"]
[EventDate "2005.??.??"]
[WhiteTeamCountry "UAE"]
[BlackTeamCountry "RUS"]

1. d4 c5 2. dxc5 e6 3. Nf3 Bxc5 4. e3 Nf6 5. Bd3 Nc6 6. c3 d5 7. Nbd2 e5 8. Be2
a6 9. Nb3 Bd6 10. h3 b5 11. a4 Rb8 12. axb5 axb5 13. Nfd2 O-O 14. Qc2 Be6 15.
Bf3 Rc8 16. Qb1 b4 17. e4 dxe4 18. Bxe4 Nxe4 19. Qxe4 f5 20. Qe2 e4 21. O-O Qf6
22. Qe3 Bd5 23. c4 Bf7 24. Ra6 Rfe8 25. f4 Red8 26. Kh1 Nb8 27. Rb6 Nd7 28. Rb5
Rxc4 29. Rd1 Rcc8 30. Ra5 Bc7 31. Rb5 Bb6 32. Qe2 e3 33. Rxb4 exd2 34. Bxd2
Bxb3 35. Rxb3 Bd4 36. Ba5 Re8 37. Qb5 Nc5 38. Rg3 Ne4 39. Qd5+ Kh8 0-1